000
00236 a2200097 4500
001
32805
100
_a
Horvath,I
245
_a
Tools and Methods of Competitive Engineering
260
_a
Netherlands
_b
Millpress
_c
090
_c
21974
_d
21974
942
_a
NUST-CAE
_c
M
_c
13307
999
_c
267878
_d
267878